ბათუმის შოთა რუსთაველის სახელმწიფო უნივერსიტეტის ბიბლიოთეკა

ჯონათან გალიბლის თავგადასავალი : (ბიბ.ჩანაწერი № 34669)

000 -ლიდერი
ფიქსირებული სიგრძის საკონტროლო ველი 01160nam a2200241Ia 4500
001 - საკონტროლო ნომერი
საკონტროლო ველი 448
003 - საკონტროლო ნომრის იდენტიფიკატორი
საკონტროლო ველი GE_BSU
005 - ბოლო ოპერაციის თარიღი და დრო
საკონტროლო ველი 20200203104135.0
008 - ფიქსირებული სიგრძის მონაცემთა ელემენტები - ზოგადი ინფორმაცია
ფიქსირებული სიგრძის საკონტროლო ველი 181216s2007||||ge |||||||||||||| ||geo||
020 ## - წიგნის საერთაშორისო სტანდარტული ნომერი
International Standard Book Number 994069330
040 ## - კატალოგიზაციის წყარო
Transcribing agency GE_BSU
041 ## - ენის კოდი
Language code of text/sound track or separate title geo
080 ## - უნივერსალური ათობითი კლასიფიკაციის ინდექსი
Universal Decimal Classification number 821.111-32+339.13.012.42 ს-98
100 ## - მთავარი ჩანაწერი - პიროვნების სახელი
Personal name სქულანდი, კენ
9 (RLIN) 6667
245 ## - ცნობა სათაურის შესახებ
Title ჯონათან გალიბლის თავგადასავალი :
Remainder of title თავისუფალი ბაზრის ოდისეა /
Statement of responsibility, etc კენ სქულანდი ; [მთარგმნ.: მჟავანაძე ირაკლი, შიუკაშვილი ვანდა, შეშელიძე პაატა (მთ. რედ.)].
264 ## - წარმოების, გამოცემის, დისტრიბუციის და სხვა ცნობები
გამოცემის, წარმოების, დისტრიბუციის... ადგილი თბილისი,
გამოცემის, წარმოების, დისტრიბუციის... თარიღი 2007.
300 ## - ფიზიკური აღწერა
Extent 161 გვ.;
Other physical details 19 სმ.
653 ## - INDEX TERM--UNCONTROLLED
Uncontrolled term თავისუფალი ბაზარი
700 ## - ADDED ENTRY--PERSONAL NAME
Personal name მჟავანაძე, ირაკლი
9 (RLIN) 6668
700 ## - ADDED ENTRY--PERSONAL NAME
Personal name შიუკაშვილი, ვანდა
9 (RLIN) 6669
700 ## - ADDED ENTRY--PERSONAL NAME
Personal name შეშელიძე, პაატა
Relator term მთარგმნელი
9 (RLIN) 6429
942 ## - ADDED ENTRY ELEMENTS (KOHA)
Koha item type წიგნი
Source of classification or shelving scheme
ეგზემპლარები
ჩამოწერის სტატუსი დაკარგული ეგზემპლარის სტატუსი კლასიფიკაციის წყარო ან თაროზე გაწყობის სქემა დაზიანების სტატუსი არ გაიცემა მუდმივი მდებარეობა (დაცვის ადგილი) ამჟამინდელი ადგილსამყოფელი თაროზე განთავსების ადგილი შეძენის თარიღი ღირებულება, შესყიდვის ნორმალური ფასი სრული შენახვის შიფრი შტრიხკოდი ბოლო ოპერაციის თარიღი ეგზემპლარის მიმდევრობითი ნომერი (კეტერი?) ფასის ძალაში შესვლის თარიღი ეგზემპლარის სახეობა საჯარო შენიშვნა
          ბათუმის შოთა რუსთაველის სახელმწიფო უნივერსიტეტის მთავარი ბიბლიოთეკა ბათუმის შოთა რუსთაველის სახელმწიფო უნივერსიტეტის მთავარი ბიბლიოთეკა წიგნსაცავი 2018-12-17 20.00 821.111-32+339.13.012.42 ს-98 526 2018-12-17 526 2018-12-17 წიგნი 20 ლ.
          ბათუმის შოთა რუსთაველის სახელმწიფო უნივერსიტეტის მთავარი ბიბლიოთეკა ბათუმის შოთა რუსთაველის სახელმწიფო უნივერსიტეტის მთავარი ბიბლიოთეკა წიგნსაცავი 2018-12-17 20.00 821.111-32+339.13.012.42 ს-98 527 2018-12-17 527 2018-12-17 წიგნი 20 ლ.